000 00685nam a2200241Ia 4500
003 OSt
005 20220918230503.0
006 a|||||r|||| 00| 0
007 ta
008 220917b |||||||| |||| 00| 0 eng d
024 _a254,064
037 _cTextual
040 _aARTS
_cARTS
_beng
041 _2eng
_aeng
082 _aV615:21xN24, K6
100 _aLegum Colin
245 0 _aZambia independence and beyond
_b The speeches of Kenneth Kaunda ed. by Colin Legum
260 _aLondon
_bThomas Nelson and Sons UK
_c1966
300 _axiii,265p.
_ccm.
650 _aHISTORY
942 _hV615:21xN24, K6
_cTEXL
_2CC
999 _c288184
_d288184